000 01270cam a2200217 4500
001 WB3806-24
008 020213n2002 000 0 eng u
035 _a(Sirsi) u116703
245 _aTree preservation order
260 _c2002
490 _aEstates Gazette Case Summaries
_v[2002] 06 EG 152 (CS) (9/02/02)
520 _aQBD 16 January 2002. "Robinson v East Riding of Yorkshire Council". Claimant R owned a listed building and grounds that contained a large number of trees. R applied for permission to use part of its grounds for touring caravans. The council (E) refused permission and R appealed. Preparing for the appeal E carried out a survey and made a provisional tree preservation order (TPO). R objected to the TPO and sought judicial review of the Town and Country Planning (Tree) Regulations 1999 and challenged the TPO under the Town and Country Planning Act 1990 s288. "Held": the claim was dismissed on several grounds.
590 _aWB
650 _aTOWN AND COUNTRY PLANNING ACT 1990
650 _aTOWN AND COUNTRY PLANNING (TREES) REGULATIONS 1999
650 _aTREE PRESERVATION ORDER
650 _aTREE SURVEYS
650 _aROBINSON V EAST RIDING OF YORKSHIRE COUNCIL
690 _aPlanning and development
_96259
942 _n0
999 _c69509
_d69509